<?xml version="1.0" encoding="UTF-8"?>
<collection xmlns="http://www.loc.gov/MARC21/slim">
 <record>
  <leader>01362pamaa2200205   4500</leader>
  <controlfield tag="001">0000053816</controlfield>
  <controlfield tag="005">20160304090000.0</controlfield>
  <controlfield tag="008">160302c2009     eng</controlfield>
  <datafield tag="020" ind1="0" ind2="0">
   <subfield code="a">9781412970174 </subfield>
  </datafield>
  <datafield tag="090" ind1="0" ind2="0">
   <subfield code="a">HM1261 </subfield>
   <subfield code="b">BUR 2009</subfield>
  </datafield>
  <datafield tag="100" ind1="0" ind2="0">
   <subfield code="a">Burghard, Steve </subfield>
  </datafield>
  <datafield tag="245" ind1="1" ind2="0">
   <subfield code="a">Stories of transformative leadership in the human services : </subfield>
   <subfield code="b">why the glass is always full  </subfield>
   <subfield code="c">Steve Burghardt and Willie Tolliver.</subfield>
  </datafield>
  <datafield tag="260" ind1="0" ind2="0">
   <subfield code="a">Los Angeles: </subfield>
   <subfield code="b">Sage, </subfield>
   <subfield code="c">2009.</subfield>
  </datafield>
  <datafield tag="300" ind1=" " ind2=" ">
   <subfield code="a">xix,273p.: </subfield>
   <subfield code="b">ill; </subfield>
   <subfield code="c">22cm.</subfield>
  </datafield>
  <datafield tag="500" ind1=" " ind2=" ">
   <subfield code="a">A fantastic book. A major contribution! Stories of Transformative Leadership in the Human Services is an extraordinary book by two highly accomplished social work educators and consultants. Based on years of experience in the classroom and in the field,Steve Burghardt and Willie Tolliver blend their &quot;best practices&quot; into a pedagogically creative and lively text that students and human service professionals alike will find engaging and invaluable. Social service agencies and workers are under siege, especially now in our global economic crisis, but this book is guaranteed to help in the struggles ahead for a more humane and just social service practice.&#13;
</subfield>
  </datafield>
  <datafield tag="504" ind1=" " ind2=" ">
   <subfield code="a">Includes bibliographic references and index</subfield>
  </datafield>
  <datafield tag="650" ind1="0" ind2="0">
   <subfield code="a">leadership -- </subfield>
   <subfield code="z">United States </subfield>
  </datafield>
  <datafield tag="650" ind1="0" ind2="0">
   <subfield code="a">human services -- </subfield>
   <subfield code="z">United States </subfield>
  </datafield>
  <datafield tag="700" ind1="0" ind2="0">
   <subfield code="a">Tolliver, Willie </subfield>
  </datafield>
  <datafield tag="901" ind1=" " ind2=" ">
   <subfield code="u">http://www.sagepublications.com</subfield>
  </datafield>
 </record>
</collection>
